Maliar, grafik a ilustrátor Pripomenuli sme si 90. výročie narodenia Mikuláša Galandu

Bibliographic Details
Format: Article
Language:Slovak
PhysicalDescription:Obr. 1.
Subjects:

MARC

LEADER 00000nab a2200000 a 4500
001 vtls000215960
003 SK-MaSNL
005 20260302204434.0
008 160215c1985 xo 0 slo
015 |a SNBRB19rr/mm-uuuuu 
035 |a CL0226074 
040 |a SNKBUCL  |b slo  |c SNKBUCL  |e AACR2 
041 0 |a slo 
044 |a xo  |c SK 
080 |a 75.071.1  |2 1981 
080 |a 76.071.1  |2 1981 
080 |a 929 Galanda, Mikuláš  |2 1981 
245 0 0 |a Maliar, grafik a ilustrátor  |b Pripomenuli sme si 90. výročie narodenia Mikuláša Galandu  |c -vsl- 
300 |b Obr. 1. 
600 1 7 |a Galanda, Mikuláš,  |d 1895-1938  |2 snkbucl  |9 38238 
655 7 |a články z novín a časopisov  |2 snkbucl  |9 267496 
773 0 |t Smer  |g Roč. 37, č. 106 (7. 5. 1985), s. 4 
850 |a Slovenská národná knižnica v Martine  |a MTA001 
852 |a SNK  |b KIS3GCP 
958 |a BX 
958 |a RK 
992 |a RBX 
999 |c 1473339  |d 1475269